| 000 | 00871nab a2200253 u 4500 | ||
|---|---|---|---|
| 001 | 16917 | ||
| 003 | HDC | ||
| 007 | cr bn ---aaaaa | ||
| 008 | 210222c20100417xx dr|noo 0 a eng d | ||
| 040 | _aHDC | ||
| 100 |
_aSagaran, P. Chandra _eauthor _916559 |
||
| 245 | 0 |
_aMalaysia: Perak to have halal research centre / by _cP. Chandra Sagaran |
|
| 260 |
_a[No place] : _b[publisher not identified], _c2010 |
||
| 336 |
_atext _2rdacontent |
||
| 337 |
_acomputer _2rdamedia |
||
| 338 |
_aonline resource _2rdacarrier |
||
| 650 |
_ahalal industry _9144 |
||
| 650 |
_ahalal research centre _zMalaysia _916560 |
||
| 710 | _aHalal Focus | ||
| 856 | _zRequest full-text at [email protected] | ||
| 942 | _2lcc | ||
| 942 | _cNEWS | ||
| 942 | _kNWSO 005817 | ||
| 999 |
_c14233 _d14233 |
||